| 000 | 00739nam a2200193 i 4500 | ||
|---|---|---|---|
| 001 | 143028 | ||
| 003 | ES-MaACL | ||
| 005 | 20230906200709.0 | ||
| 007 | t| | ||
| 008 | 070214s1905 sp r ||||1| spa d | ||
| 100 | 1 |
_aSela y Sela, Graciano. _9105289 |
|
| 245 | 1 | 0 |
_aPolítica internacional de los Reyes Católicos _b: tesis doctoral / _cGraciano Sela. |
| 260 |
_aMadrid : _b[s. n.], _c1905 ( _fImp. de la Revista de Legislación) |
||
| 300 |
_a67 p. ; _c22 cm. |
||
| 500 | _aTesis doctoral presentada en la Universidad de Madrid, Facultad de Derecho, 1904. | ||
| 651 |
_aEspaña- _xHistoria- _y1474-1516, Reyes Católicos. _98222 |
||
| 710 | 2 |
_aUniversidad Central (Madrid). _bFacultad de Derecho. _97090 |
|
| 852 |
_aES-MaACL _jT-1370-F-5 |
||
| 999 |
_c143028 _d143028 |
||